1747 1238 1583 1416 1800 1135 1080 1547 1207 1465 1798 1140 1133 1283 1212 1983 1884 1468 1478 1617 1885 1999 1192 1586 1504 1210 1578 1736 1632 1745 1438 1805 1949 1788 1155 1705 1157 1004 1247 1749 1642 1053 1310 1932 1808 1787 1404 1567 1864 1779 1759 1058 1185 1265 1654 1185 1973 1515 1027 1224 1122 1080 1602 1879 1000 1484 1140 1676 1606 1760 1954 1555 1183 1207 1516 1044 1442 1164 1772 1509 1700 1532 1536 1166 1147 1402 1871 1026 1026 1264 1666 1180 1433 1152 1386 1978 1654 1927 1716 BCNSPRNW ULIB Ver.6.0+V

เปลี่ยนเป็นภาษาไทย

Change to English
 แสดงรายละเอียดบรรณานุกรม
  กลับหน้าหลัก

Brief Record : Get Marc (ISO 2709) : E-mail record : QR code < ปิดหน้าต่าง
LEADER : 00000nam 2200000uu 4500
001    13399124588
003     ULIB
008    151014s2558||||th 000 0 tha d
020    ^a9786167388779
060  4 ^aQV4^bน695ต
100 0  ^aนิสามณี สัตยาบัน
245 00 ^aตำราเรียนลัดเภสัชวิทยา=^bFast track in pharmacology /^cบรรณาธิการ,นิสามณี สัตยาบัน...[และคนอื่นๆ]
250    ^aพิมพ์ครั้งที่ 1
260    ^aกรุงเทพฯ :^bโครงการตำราวิทยาลัยแพทยศาสตร์พระมงกุฎเกล้า,^c2558.
300    ^a278 หน้า :^bภาพประกอบ ;^c26 ซม.
650  4 ^aPharmacology
700 0  ^aสุภัททา เต็มบุญเกียรติ,^eบรรณาธิการ
700 0  ^aเจนยุทธ ไชยสกกุล,^eบรรณาธิการ
700 0  ^aจีรานุช ตันคณิตเลิศ,^eบรรณาธิการ
700 0  ^aศราวุธ จินดารัตน์,^eบรรณาธิการ
700 0  ^aอนุพงษ์ กันธิวงศ์,^eบรรณาธิการ
710 2  ^aโครงการตำราวิทยาลัยแพทศาสตร์พระมงกฎเกล้า
945    ^p380^l0^i23231
945    ^p380^l0^i23232
945    ^p380^l0^i23233
945    ^p380^l0^i23234
945    ^p380^l0^i23235
945    ^p380^l0^i23236
945    ^p380^l0^i23237
999    ^aทศพร
รายการนี้ยังไม่มีแท็ก
คุณยังไม่ได้ล็อกอิน คุณสามารถมีกิจกรรมร่วมกับเว็บไซต์ได้ แต่ต้องล็อกอินก่อน ::
  ล็อกอิน

รายการสื่อสารสนเทศ

ลำดับที่ ประเภท เลขเรียก/บาร์โค้ด สถานที่ สถานะ
1. วิทยาศาสตร์การแพทย์ และสุขภาพ
วิทยาศาสตร์การแพทย์ และสุขภาพ
สถานะ=หนังสือเก่า
QV4 น695ต ฉ.1 
  Barcode: 23231
ห้องสมุดวิทยาเขตนครสวรรค์
►ส่วนจัดเก็บหนังสือเก่า นว.
บนชั้น
  ขอยืม
2. วิทยาศาสตร์การแพทย์ และสุขภาพ
วิทยาศาสตร์การแพทย์ และสุขภาพ
สถานะ=หนังสือเก่า
QV4 น695ต ฉ.2 
  Barcode: 23232
ห้องสมุดวิทยาเขตนครสวรรค์
►ส่วนจัดเก็บหนังสือเก่า นว.
บนชั้น
  ขอยืม
3. วิทยาศาสตร์การแพทย์ และสุขภาพ
วิทยาศาสตร์การแพทย์ และสุขภาพ
สถานะ=หนังสือเก่า
QV4 น695ต ฉ.3 
  Barcode: 23233
ห้องสมุดวิทยาเขตนครสวรรค์
►ส่วนจัดเก็บหนังสือเก่า นว.
บนชั้น
  ขอยืม
4. วิทยาศาสตร์การแพทย์ และสุขภาพ
วิทยาศาสตร์การแพทย์ และสุขภาพ
สถานะ=หนังสือเก่า
QV4 น695ต ฉ.4 
  Barcode: 23234
ห้องสมุดวิทยาเขตนครสวรรค์
►ส่วนจัดเก็บหนังสือเก่า นว.
บนชั้น
  ขอยืม
5. วิทยาศาสตร์การแพทย์ และสุขภาพ
วิทยาศาสตร์การแพทย์ และสุขภาพ
สถานะ=หนังสือเก่า
QV4 น695ต ฉ.5 
  Barcode: 23235
ห้องสมุดวิทยาเขตนครสวรรค์
►ส่วนจัดเก็บหนังสือเก่า นว.
บนชั้น
  ขอยืม
6. วิทยาศาสตร์การแพทย์ และสุขภาพ
วิทยาศาสตร์การแพทย์ และสุขภาพ
สถานะ=หนังสือเก่า
QV4 น695ต ฉ.6 
  Barcode: 23236
ห้องสมุดวิทยาเขตนครสวรรค์
►ส่วนจัดเก็บหนังสือเก่า นว.
บนชั้น
  ขอยืม
7. วิทยาศาสตร์การแพทย์ และสุขภาพ
วิทยาศาสตร์การแพทย์ และสุขภาพ
สถานะ=หนังสือเก่า
QV4 น695ต ฉ.7 
  Barcode: 23237
ห้องสมุดวิทยาเขตนครสวรรค์
►ส่วนจัดเก็บหนังสือเก่า นว.
บนชั้น
  ขอยืม

รายการใกล้เคียง
    ผู้แต่ง [นิสามณี สัตยาบัน]

    หัวเรื่อง [Pharmacology]

BibComment


ยังไม่เคยถูกคอมเมนท์

คอมเมนท์ทรัพยากรรายการนี้
  คอมเมนท์: ตำราเรียนลัดเภสั..


 Copyright 2026. Bcnsprnw @Library